Bodas celestes (Record no. 174052)

MARC details
000 -LEADER
campo de control de longitud fija 00916namaa22001931 4500
001 - NÚMERO DE CONTROL
campo de control 174052
003 - IDENTIFICADOR DE NÚMERO DE CONTROL
campo de control ES-MaACL
005 - FECHA Y HORA DE LA ÚLTIMA TRANSACCIÓN
campo de control 20230908063202.0
008 - DATOS DE LONGITUD FIJA--INFORMACIÓN GENERAL
campo de control de longitud fija 100210s1909 sp r |||| | spa d
100 1# - ENTRADA PRINCIPAL--NOMBRE DE PERSONA
Nombre de persona Almela Mengot, Vicente.
9 (RLIN) 234078
245 10 - MENCIÓN DEL TÍTULO
Título Bodas celestes
Resto del título : apunte de comedia en un acto y en prosa /
Mención de responsabilidad, etc. original de Vicente Almela Mengot.
260 ## - PUBLICACIÓN, DISTRIBUCIÓN, ETC.
Lugar de publicación, distribución, etc. Madrid :
Nombre del editor, distribuidor, etc. Sociedad de Autores Españoles,
Fecha de publicación, distribución, etc. 1909 (
Fabricante R. Velasco)
300 ## - DESCRIPCIÓN FÍSICA
Extensión 16 p. ;
Dimensiones 19 cm.
500 ## - NOTA GENERAL
Nota general En port.: Estrenado en el Teatro Romea la noche del 27 de marzo de 1909.
710 2# - ENTRADA AGREGADA--NOMBRE DE ENTIDAD CORPORATIVA
Nombre de entidad corporativa o nombre de jurisdicción como elemento de entrada Sociedad de Autores Españoles.
9 (RLIN) 171890
852 ## - LOCALIZACIÓN
Ubicación ES-MaACL
Número de control de estantería F-8648(4)
Nota libre Encuadernación pasta española, conservando cubierta original
-- Encuadernación en un volumen facticio formando parte de la colección. facticia "Teatro español moderno" volumen 105
-- Dedicatoria autógrafa del autor
942 ## - ELEMENTOS DE ENTRADA SECUNDARIOS (KOHA)
Fuente del sistema de clasificación o colocación Clasificación decimal universal
Holdings
Estatus retirado Estado de pérdida Fuente del sistema de clasificación o colocación Estado de daño No para préstamo Colección Biblioteca de origen Biblioteca actual Ubicación en estantería Fecha de adquisición Total de préstamos Signatura topográfica completa Código de barras Visto por última vez Precio de reemplazo Tipo de ítem Koha Nota pública
    Clasificación decimal universal     Libros con dedicatorias Biblioteca del Ateneo de Madrid Biblioteca del Ateneo de Madrid Sala Pecera Planta 2 10/02/2010   F-8648(4) 1182701 23/02/2023 23/02/2023 Libro impreso Dedicatoria autógrafa del autor